| Tag |
First Indicator |
Second Indicator |
Subfields |
| LEADER |
00000cam a2200000 a 4500 |
| 001 |
in00001828321 |
| 005 |
20151026062550.0 |
| 008 |
031002s2004 enk b 001 0 eng |
| 015 |
|
|
|a GBA3-T9901
|
| 020 |
|
|
|a 0340761377
|
| 020 |
|
|
|a 0340761385 (pbk.)
|c £14.99
|
| 035 |
|
|
|a (OCoLC)ocm53391630
|
| 040 |
|
|
|a UKM
|c UKM
|d C#P
|d TXA
|d UtOrBLW
|
| 049 |
|
|
|a TXAM
|
| 050 |
|
4 |
|a HF1379
|b .N49 2004
|
| 082 |
0 |
4 |
|a 337
|2 21
|
| 100 |
1 |
|
|a Newton, Scott,
|d 1956-
|
| 245 |
1 |
4 |
|a The global economy, 1944-2000 :
|b the limits of ideology /
|c Scott Newton.
|
| 264 |
|
1 |
|a London :
|b Arnold ;
|c 2004.
|
| 264 |
|
2 |
|a New York :
|b Distributed in the U.S.A. by Oxford,
|
| 300 |
|
|
|a xvi, 192 pages ;
|c 24 cm.
|
| 336 |
|
|
|a text
|b txt
|2 rdacontent
|
| 337 |
|
|
|a unmediated
|b n
|2 rdamedia
|
| 338 |
|
|
|a volume
|b nc
|2 rdacarrier
|
| 504 |
|
|
|a Includes bibliographical references (pages [183]-187) and index.
|
| 650 |
|
0 |
|a International trade.
|
| 650 |
|
0 |
|a Economic development.
|
| 650 |
|
0 |
|a International economic relations.
|
| 650 |
|
0 |
|a International economic integration.
|
| 948 |
|
|
|a cataloged
|b h
|c 2004/5/28
|d c
|e rdavis
|f 7:29:58 am
|
| 994 |
|
|
|a E0
|b TXA
|
| 999 |
|
|
|a MARS
|
| 999 |
f |
f |
|s 01e12a3d-e819-3bf4-a6fc-d4de15281638
|i 8aa34d50-b5f7-3a81-8f0a-d21440ea0ebc
|t 0
|
| 952 |
f |
f |
|p ric
|a Texas A&M University
|b Rellis Campus
|c Joint Library Facility
|d Remote Storage
|t 0
|e HF1379 .N49 2004
|h Library of Congress classification
|i unmediated -- volume
|m A14831946715
|
| 998 |
f |
f |
|a HF1379 .N49 2004
|t 0
|l Remote Storage
|